000 00876nam a2200265Ia 4500
003 OSt
005 20220928103631.0
006 a|||||r|||| 00| 0
007 ta
008 220927b |||||||| |||| 00| 0 eng d
020 _c600
024 _a117458
037 _b181, 20/09/2012, Eastern Book Linkers
_cTextual
040 _aSDCL
_cSDCL
_beng
041 _2eng
_aeng
082 _aO15,1:g(P,1), Q2
100 _aIndraguru Bhavatosh
_9405989
245 0 _aDhvani and Structuralist Poetics
_b Multicultural studies of creation of meaning in poetry.
260 _aNew Delhi
_bD.K Printworld (P) Ltd.
_c2012
300 _a232p
_ccm.
650 _aSanskrit
_9391587
700 _a Parashar Vikalp
_9405990
942 _hO15,1:g(P,1), Q2
_cTEXL
_2CC
999 _c721588
_d721588